Kamusi ya sheria: Kingereza-Kiswahili (Record no. 1482)

000 -LEADER
fixed length control field 00560nam a22001937a 4500
003 - CONTROL NUMBER IDENTIFIER
control field OSt
005 - DATE AND TIME OF LATEST TRANSACTION
control field 20150204111654.0
008 - FIXED-LENGTH DATA ELEMENTS--GENERAL INFORMATION
fixed length control field 150204b xxu||||| |||| 00| 0 eng d
020 ## - INTERNATIONAL STANDARD BOOK NUMBER
International Standard Book Number 997691136x
050 ## - LIBRARY OF CONGRESS CALL NUMBER
Classification number PL 8701.M52 1999
100 ## - MAIN ENTRY--PERSONAL NAME
Personal name Mlacha, S. A. K.
245 ## - TITLE STATEMENT
Title Kamusi ya sheria: Kingereza-Kiswahili
Statement of responsibility, etc S. A. K. Mlacha,
260 ## - PUBLICATION, DISTRIBUTION, ETC. (IMPRINT)
Place of publication, distribution, etc Dar es Salaam
Name of publisher, distributor, etc TUKI
Date of publication, distribution, etc 1999
300 ## - PHYSICAL DESCRIPTION
Extent 114p.
650 ## - SUBJECT ADDED ENTRY--TOPICAL TERM
Topical term or geographic name as entry element Swahili language--Dictionaries--English
650 ## - SUBJECT ADDED ENTRY--TOPICAL TERM
Topical term or geographic name as entry element English language--Dictionaries--Swahili language
651 ## - SUBJECT ADDED ENTRY--GEOGRAPHIC NAME
Geographic name Law--Dictionaries
942 ## - ADDED ENTRY ELEMENTS (KOHA)
Source of classification or shelving scheme
Koha item type Book
Holdings
Withdrawn status Lost status Source of classification or shelving scheme Damaged status Not for loan Home library Current library Shelving location Date acquired Total Checkouts Full call number Barcode Date last seen Copy number Price effective from Koha item type
          Riara University Library Riara University Library General stack 04/02/2015   PL 8701.M52 1999 5261/15 04/02/2015 C.1 04/02/2015 Book

Riara University Library,
P.O. Box 49940-00100,
Nairobi, Kenya.